000 00525nam a2200181Ia 4500
003 GCL
008 140319s9999 xx 000 0 ara d
040 _aGCL /
_cGCL
082 0 4 _aق
_b309.62
_bع س
100 1 _aعبدالرؤوف ثابت
245 1 0 _aسلبيات وايجابيات المجتمع المصرى /
_cعبدالرؤوف ثابت
300 _a442 ص
490 _a
650 0 4 _aمصر
650 0 4 _aالاحوال الاجتماعية
650 0 4 _aالاحوال الثقافية
942 _2ddc
_cBK
999 _c41421
_d41421